América Latina : ciclos socioeconómicos y políticos, 1990-2020 /

Detalles Bibliográficos
Otros Autores: Gomis, Miguel (Editor)
Formato: Electrónico eBook
Lenguaje:español
Publicado: Bogotá, D. C. : Editorial Pontificia Universidad Javeriana, [2021]
Materias:
Acceso en línea:Digitalia Hispánica

MARC

LEADER 00000nam a2200000Ii 4500
001 DIGEPUJ0374
003 NyNyDIG
007 cr |||||||||||
008 230529s2021 ck o 000 0 spa d
006 m o d
020 |a 9789587816563  |q digital 
020 |z 9789587816556  |q impreso 
035 |a (OCoLC)1357018864 
043 |a cl----- 
040 |a DGITA  |b eng  |e rda  |e pn  |c DGITA 
050 1 4 |a JZ1394 ebook 
245 0 0 |a América Latina :  |b ciclos socioeconómicos y políticos, 1990-2020 /  |c Miguel Gomis [and 3 others] editores académicos. 
264 1 |a Bogotá, D. C. :  |b Editorial Pontificia Universidad Javeriana,  |c [2021] 
300 |a 1 online resource. 
336 |a text  |b txt  |2 rdacontent 
337 |a computer  |b c  |2 rdamedia 
338 |a online resource  |b cr  |2 rdacarrier 
347 |a text file  |2 rdaft 
347 |b EPUB 
588 0 |a Online resource; title from ePub title page (Digitalia, viewed May 29, 2023) 
651 0 |a Latin America  |x International relations  |y 20th century. 
651 0 |a Latin America  |x International relations  |y 21th century. 
651 0 |a Latin America  |x Economic policy. 
651 0 |a Latin America  |x Social status. 
700 1 |a Gomis, Miguel,  |e editor. 
791 2 |a Digitalia (Firm),  |e distributor. 
793 0 |g Digitalia eBook Collection:  |a Pontificia Universidad Javeriana 
776 0 8 |i Print version:  |t América Latina.  |b Primera edición.  |d Bogotá, D. C. : Editorial Pontificia Universidad Javeriana, [2021]  |z 9789587816556 
856 4 0 |3 Digitalia Hispánica  |u https://www.digitaliapublishing.com/a/125373/ 
910 |a Premium collection: 2023